00735cam a22002531i 4500001001300000003000400013005001700017008004100034010001700075035001900092040001800111042001200129050002100141245009500162250001300257260005400270300003000324490001600354650003100370700001500401700002200416700002600438999001700464sa 64004183 DLC20260227112023.0830412s1963 io c 000 0 ind  asa 64004183  a(OCoLC)9399642 aDLCcOAUdDLC apremarc00aPL5088b.A8 196300aAsmara dalam pelukan pelangi /coleh A. Hasjmy, A. Gani Mutyara [dan] T. Alibasjah Talsya. aTjet. 2. aBanda Atjeh :bPustaka Putroë Tjandén,c1963. a109 p. :bports ;c21 cm.0 aSeri sastra 0aShort stories, Indonesian.1 aHasjmy, A.1 aMutyara, A. Gani.1 aTalsya, T. Alibasjah. c58357d58357